000 01271nam a22003617a 4500
003 CHAP
005 20220329140842.0
008 971013s1995 r 00010 d
010 _a58663
011 _a59635
035 _a63795
040 _cCHAP
090 _aTesis
100 0 0 _aMonzón Armenta, José Melquiades.
_978028
245 _aEfectos ambientales y genéticos en la sobrevivencia del nacimiento al destete en ganado para carne
260 _aChapingo, Méx. :
_bEl autor,
_c1995
300 _a124 h.
502 _aTesis (Ing. Agr. Esp. en Zootecnia) -- UACH. Departamento de Zootecnia
590 _aALEPH
_b10
_c20130110
_lUCH01
_h1337
590 _aBATCH-UPD
_b10
_c20130110
_lUCH01
_h0814
590 _aBATCH-UPD
_b10
_c20130410
_lUCH01
_h0451
590 _aBATCH-UPD
_b10
_c20130914
_lUCH01
_h0553
590 _aBATCH-UPD
_b10
_c20130914
_lUCH01
_h2135
590 _aCONVERSION
_b10
_c20130109
_lUCH01
_h1331
650 1 4 _aBecerros
_xDestete.
_911178
650 1 4 _aGanado de carne.
_945067
650 1 4 _aGanado vacuno
_xEfecto del medio ambiente.
_945459
650 1 4 _aGanado vacuno
_xGenética.
_945470
901 _aBK
942 _cFOLL
949 _bBC
_cTES
_d-137588
_eTS1
_h28592
_i63795
_si
949 _bBC
_cTES
_d33724000079083
_eTS2
_fc.2
_h28593
_i63795
_si
999 _c58663
_d58663